| 000 | 00385nam a22001577a 4500 | ||
|---|---|---|---|
| 003 | OSt | ||
| 008 | 220511b ||||| |||| 00| 0 eng d | ||
| 020 | _a978-93-86245-14-4 | ||
| 100 | _aBHAGWAN,Vishnoo | ||
| 245 | _aWorld Constitutions : A Comparative Study | ||
| 250 | _a11th | ||
| 260 |
_aNew Delhi _bSterling _c2022 |
||
| 300 | _a595 | ||
| 650 | _aGeneral Book | ||
| 942 |
_2ddc _cBK |
||
| 999 |
_c11194 _d11194 |
||